000 00673nam a2200229 a 4500
001 000042809
005 20201002040419.0
008 140210s1983 sp 000 0 spa d
020 _a8402034373
040 _aDO-SdBNP
_bspa
_cBNPHU
041 1 7 _aspa
_heng
082 _axxx
_bP637p, 1983
100 1 _aAsimov, Isaac
_947685
240 1 0 _aThe gods themselves
_lEspañol
245 1 4 _aLos propios dioses /
_cIsaac Asimov ; traducción del inglés, Pilar Giralt.
250 _a7a ed.
260 _aBarcelona :
_bBruguera,
_c1983.
300 _a331 p. ;
_c18 cm.
490 1 _aLibro amigo
_v262
700 1 2 _aGiralt, Pilar
_etr.
_913329
830 0 _aLibro amigo
_n262
_970162
999 _c42298
_d42298